Cowboys Players With 1000 Scrimmage Yards - Statistics

General Stats
  • This quiz has been taken 15 times
  • The average score is 65 of 97
Answer Stats
Position (Year) Yards Player % Correct
RB (1995) 2,148 Emmitt Smith
100%
RB (1992) 2,048 Emmitt Smith
100%
RB (1993) 1,900 Emmitt Smith
100%
RB (1994) 1,825 Emmitt Smith
100%
RB (1991) 1,821 Emmitt Smith
100%
RB (1999) 1,516 Emmitt Smith
100%
RB (1998) 1,507 Emmitt Smith
100%
RB (1996) 1,453 Emmitt Smith
100%
RB (1997) 1,308 Emmitt Smith
100%
RB (2000) 1,282 Emmitt Smith
100%
RB (1990) 1,165 Emmitt Smith
100%
RB (2001) 1,137 Emmitt Smith
100%
RB (2002) 1,064 Emmitt Smith
100%
WR (2023) 1,862 CeeDee Lamb
93%
WR (2022) 1,406 CeeDee Lamb
93%
WR (2024) 1,264 CeeDee Lamb
93%
WR (2021) 1,178 CeeDee Lamb
93%
WR (2020) 1,017 CeeDee Lamb
93%
RB (2018) 2,001 Ezekiel Elliott
93%
RB (2016) 1,994 Ezekiel Elliott
93%
RB (2019) 1,777 Ezekiel Elliott
93%
RB (2020) 1,317 Ezekiel Elliott
93%
RB (2021) 1,289 Ezekiel Elliott
93%
RB (2017) 1,252 Ezekiel Elliott
93%
WR (1995) 1,603 Michael Irvin
93%
WR (1991) 1,523 Michael Irvin
93%
WR (1992) 1,387 Michael Irvin
93%
WR (1993) 1,336 Michael Irvin
93%
WR (1994) 1,241 Michael Irvin
93%
WR (1997) 1,180 Michael Irvin
93%
WR (1998) 1,058 Michael Irvin
93%
RB (2014) 2,261 DeMarco Murray
86%
RB (2013) 1,471 DeMarco Murray
86%
RB (2011) 1,080 DeMarco Murray
86%
TE (2007) 1,145 Jason Witten
86%
TE (2012) 1,039 Jason Witten
86%
TE (2009) 1,030 Jason Witten
86%
TE (2010) 1,002 Jason Witten
86%
RB (2022) 1,378 Tony Pollard
86%
RB (2023) 1,316 Tony Pollard
86%
RB (2021) 1,056 Tony Pollard
86%
WR (2012) 1,377 Dez Bryant
79%
WR (2014) 1,320 Dez Bryant
79%
WR (2013) 1,234 Dez Bryant
79%
RB (1981) 1,971 Tony Dorsett
79%
RB (1985) 1,756 Tony Dorsett
79%
RB (1978) 1,703 Tony Dorsett
79%
RB (1984) 1,648 Tony Dorsett
79%
RB (1983) 1,608 Tony Dorsett
79%
RB (1979) 1,482 Tony Dorsett
79%
RB (1980) 1,448 Tony Dorsett
79%
RB (1977) 1,280 Tony Dorsett
79%
RB (1986) 1,015 Tony Dorsett
79%
RB (2010) 1,250 Felix Jones
71%
RB (1988) 2,019 Herschel Walker
71%
RB (1987) 1,606 Herschel Walker
71%
RB (1986) 1,574 Herschel Walker
71%
RB (2006) 1,226 Julius Jones
71%
RB (2005) 1,211 Julius Jones
71%
WR (2019) 1,195 Amari Cooper
64%
WR (2020) 1,128 Amari Cooper
64%
WR (2007) 1,360 Terrell Owens
64%
WR (2006) 1,180 Terrell Owens
64%
WR (2008) 1,085 Terrell Owens
64%
RB (2008) 1,302 Marion Barber
57%
RB (2007) 1,257 Marion Barber
57%
RB (2009) 1,153 Marion Barber
57%
LE (1966) 1,231 Bob Hayes
50%
WR (2018) 1,107 Michael Gallup
50%
RB (2024) 1,328 Rico Dowdle
50%
RB (1973) 1,432 Calvin Hill
43%
RB (1972) 1,400 Calvin Hill
43%
RB (1969) 1,174 Calvin Hill
43%
WR (1974) 1,093 Drew Pearson
43%
WR (1979) 1,053 Drew Pearson
43%
WR (2009) 1,318 Miles Austin
43%
WR (2010) 1,134 Miles Austin
43%
WR (1985) 1,107 Tony Hill
43%
WR (1980) 1,082 Tony Hill
43%
WR (1979) 1,080 Tony Hill
43%
RB (2015) 1,417 Darren McFadden
21%
HB (1966) 1,314 Dan Reeves
14%
HB (1967) 1,093 Dan Reeves
14%
FB (1975) 1,205 Robert Newhouse
14%
WR (2005) 1,132 Terry Glenn
14%
WR (2006) 1,058 Terry Glenn
14%
FB (1972) 1,174 Walt Garrison
14%
FB (1962) 1,269 Amos Marsh
7%
HB (1961) 1,113 Don Perkins
7%
HB (1962) 1,049 Don Perkins
7%
RB (1968) 1,016 Don Perkins
7%
FL (1962) 1,043 Frank Clarke
7%
LE (1964) 1,019 Frank Clarke
7%
FL (1968) 1,009 Lance Rentzel
7%
WR (1999) 1,207 Rocket Ismail
7%
FB (1983) 1,130 Ron Springs
7%
RB (2003) 1,071 Troy Hambrick
7%
No matching quizzes found
Score Distribution
Percent of People with Each Score
Percentile by Number Answered
Your Score History
You have not taken this quiz